North by north-east (Record no. 75708)
[ view plain ]
| 000 -LEADER | |
|---|---|
| fixed length control field | 00622cab a2200181 4500 |
| 001 - CONTROL NUMBER | |
| control field | L130570 |
| 008 - FIXED-LENGTH DATA ELEMENTS--GENERAL INFORMATION | |
| fixed length control field | 050815n2005 000 0 eng u |
| 035 ## - SYSTEM CONTROL NUMBER | |
| System control number | (Sirsi) u130570 |
| 041 ## - LANGUAGE CODE | |
| Language code of text/sound track or separate title | eng |
| 100 ## - MAIN ENTRY--PERSONAL NAME | |
| Personal name | Towler, Andrew |
| 245 ## - TITLE STATEMENT | |
| Title | North by north-east |
| 260 ## - PUBLICATION, DISTRIBUTION, ETC. | |
| Date of publication, distribution, etc. | 2005 |
| 490 ## - SERIES STATEMENT | |
| Series statement | Solicitors' Journal |
| Volume/sequential designation | 149(31) 5 August 2005, 936-937(2) |
| 520 ## - SUMMARY, ETC. | |
| Summary, etc. | Looks at the regeneration in the north east England from a solicitor's point of view, in particular the opportunities created by redevelopments for local law firms. |
| 590 ## - LOCAL NOTE (RLIN) | |
| Local note | IKA160805 |
| 690 ## - LOCAL SUBJECT ADDED ENTRY--TOPICAL TERM (OCLC, RLIN) | |
| Topical term or geographic name as entry element | PROPERTY-PROPERTY MANAGEMENT-REGENERATION |
| 942 ## - ADDED ENTRY ELEMENTS (KOHA) | |
| Suppress in OPAC | 0 |
| Withdrawn status | Lost status | Source of classification or shelving scheme | Damaged status | Not for loan | Home library | Current library | Shelving location | Date acquired | Total Checkouts | Full call number | Barcode | Date last seen | Copy number | Price effective from | Koha item type |
|---|---|---|---|---|---|---|---|---|---|---|---|---|---|---|---|
| Dewey Decimal Classification | London | London | Journal article | 15/08/2005 | L130570 | 130570-1001 | 06/08/2019 | 1 | 06/08/2019 | Journal article |